|
|
|
|
| LEADER |
00000nam a22000007a 4500 |
| 005 |
20190813224517.0 |
| 007 |
cr|||| |||| |
| 008 |
190813s2018 co |||||s|||| 00||0 spa d |
| 020 |
|
|
|a 9789585456570
|
| 035 |
|
|
|a 24046
|
| 040 |
|
|
|a vLex
|
| 090 |
|
|
|c 9173
|d 9173
|
| 100 |
1 |
|
|a Bernal Castro, Carlos Andrš
|
| 245 |
1 |
0 |
|a Derecho internacional humanitario en el conflicto armado colombiano
|h [Recurso electrn̤ico] /
|c Carlos Andrš Bernal Castro, Misael Tirado Acero, Manuel Fernando Moya Vargas, Jorge Carvajal Martn̕ez
|
| 256 |
|
|
|a Servicio en ln̕ea
|
| 260 |
|
|
|a Bogot:̀
|b Universidad Catl̤ica de Colombia,
|c 2018
|
| 300 |
|
|
|a 1 recurso electrn̤ico
|
| 500 |
|
|
|a En tiempos del denominado post conflicto y de la materializacin̤ de la Justicia Especial para la paz, se aborda la problemt̀ica situacin̤ de violencia que ha sufrido la poblacin̤ colombiana por ms̀ de 60 aǫs, por parte de los actores armados en el desarrollo del conflicto armado interno frente a las exigencias del Derecho Internacional Humanitario. Por lo que su estudio se divide en el significado de la guerra, el conflicto colombiano, las polt̕icas de gobierno en los periodos de los presidentes Uribe y Santos y especialmente de las vc̕timas del conflicto armado: niǫs, niąs, adolescentes, mujeres, hombres y ancianos que an︢ estǹ esperando el resarcimiento y la reparacin̤ de sus derechos.
|
| 506 |
1 |
|
|a Disponible solo en los productos indicados
|d vLex Global
|d vLex Global (Academic Edition, excluding Law Schools)
|d vLex Global (U.S. Academic Edition, Law Schools)
|d vLex Global (U.S. Academic Edition, excluding Law Schools)
|d vLex Global (Academic Edition, Law Schools)
|
| 650 |
0 |
4 |
|a Derecho Internacional
|z Colombia
|
| 650 |
0 |
4 |
|a Economa̕ Espaǫla
|z Colombia
|
| 700 |
1 |
|
|a Tirado Acero, Misael
|
| 700 |
1 |
|
|a Moya Vargas, Manuel Fernando
|
| 700 |
1 |
|
|a Carvajal Martn̕ez, Jorge
|
| 740 |
0 |
|
|a vLex Libros (Servicio en ln̕ea)
|
| 856 |
4 |
0 |
|u http://vlex.com/source/derecho-internacional-humanitario-en-el-conflicto-armado-colombiano-24046
|z Acceso restringido
|
| 942 |
|
|
|c BOOK
|
| 999 |
0 |
|
|a International Law
|
| 999 |
0 |
|
|a Spanish Economy
|